|
|
|
|
| LEADER |
03107nam a22005415i 4500 |
| 001 |
978-3-540-78622-1 |
| 003 |
DE-He213 |
| 005 |
20151125142117.0 |
| 007 |
cr nn 008mamaa |
| 008 |
100301s2008 gw | s |||| 0|eng d |
| 020 |
|
|
|a 9783540786221
|9 978-3-540-78622-1
|
| 024 |
7 |
|
|a 10.1007/978-3-540-78622-1
|2 doi
|
| 040 |
|
|
|d GrThAP
|
| 050 |
|
4 |
|a QH573-671
|
| 072 |
|
7 |
|a PSF
|2 bicssc
|
| 072 |
|
7 |
|a SCI049000
|2 bisacsh
|
| 082 |
0 |
4 |
|a 571.6
|2 23
|
| 245 |
1 |
0 |
|a Bioenergetics
|h [electronic resource] :
|b Energy Conservation and Conversion /
|c edited by Günter Schäfer, Harvey S. Penefsky.
|
| 264 |
|
1 |
|a Berlin, Heidelberg :
|b Springer Berlin Heidelberg,
|c 2008.
|
| 300 |
|
|
|a XVII, 312 p.
|b online resource.
|
| 336 |
|
|
|a text
|b txt
|2 rdacontent
|
| 337 |
|
|
|a computer
|b c
|2 rdamedia
|
| 338 |
|
|
|a online resource
|b cr
|2 rdacarrier
|
| 347 |
|
|
|a text file
|b PDF
|2 rda
|
| 490 |
1 |
|
|a Results and Problems in Cell Differentiation,
|x 0080-1844 ;
|v 45
|
| 505 |
0 |
|
|a Diversity of the Heme–Copper Superfamily in Archaea: Insights from Genomics and Structural Modeling -- Structure of Photosystems I and II -- Microbial Rhodopsins: Scaffolds for Ion Pumps, Channels, and Sensors -- Life Close to the Thermodynamic Limit: How Methanogenic Archaea Conserve Energy -- ATP Synthesis by Decarboxylation Phosphorylation -- The Three Families of Respiratory NADH Dehydrogenases -- Hydrogenases and H+-Reduction in Primary Energy Conservation -- A Structural Perspective on Mechanism and Function of the Cytochrome bc 1 Complex -- Regulatory Mechanisms of Proton-Translocating FOF1-ATP Synthase.
|
| 520 |
|
|
|a The present book addresses fundamental questions of biological energy transformation and conservation, with a focus on those processes which can now be understood on a structural basis. Current knowledge of selected examples of the biological energy conservation machinery such as cellular oxygen respiration, light-driven energy converters, and fermentation is reviewed. The machinery is highly variable, particularly that within microorganisms, but all of these devices universally rely on one unique underlying physico-chemical principle. The book is a rich source for specialists interested in recent developments in bioenergetics research and novices in the field alike.
|
| 650 |
|
0 |
|a Life sciences.
|
| 650 |
|
0 |
|a Biochemistry.
|
| 650 |
|
0 |
|a Cell biology.
|
| 650 |
|
0 |
|a Microbiology.
|
| 650 |
|
0 |
|a Plant physiology.
|
| 650 |
|
0 |
|a Animal physiology.
|
| 650 |
1 |
4 |
|a Life Sciences.
|
| 650 |
2 |
4 |
|a Cell Biology.
|
| 650 |
2 |
4 |
|a Biochemistry, general.
|
| 650 |
2 |
4 |
|a Microbiology.
|
| 650 |
2 |
4 |
|a Plant Physiology.
|
| 650 |
2 |
4 |
|a Animal Physiology.
|
| 700 |
1 |
|
|a Schäfer, Günter.
|e editor.
|
| 700 |
1 |
|
|a Penefsky, Harvey S.
|e editor.
|
| 710 |
2 |
|
|a SpringerLink (Online service)
|
| 773 |
0 |
|
|t Springer eBooks
|
| 776 |
0 |
8 |
|i Printed edition:
|z 9783540786214
|
| 830 |
|
0 |
|a Results and Problems in Cell Differentiation,
|x 0080-1844 ;
|v 45
|
| 856 |
4 |
0 |
|u http://dx.doi.org/10.1007/978-3-540-78622-1
|z Full Text via HEAL-Link
|
| 912 |
|
|
|a ZDB-2-SBL
|
| 950 |
|
|
|a Biomedical and Life Sciences (Springer-11642)
|